Sports Quiz

Random Sports or NFL Quiz
Score 0/32 Timer 03:00
2 Plays Today
# of Teams City % Correct
8New York City
98%
6Los Angeles
95.6%
5Chicago
89.7%
4Miami
87.8%
4Dallas
86.8%
4Boston
85.2%
3Houston
83.8%
2Seattle
75.6%
3San Francisco
75.6%
4Philadelphia
75.1%
3Cleveland
72.6%
4Detroit
72.4%
3Atlanta
70.7%
3Pittsburgh
70%
3Toronto
69.9%
4Denver
69.8%
# of Teams City % Correct
4Washington, D.C.
69%
3Tampa Bay
67.4%
4Phoenix
66.1%
2St. Louis
64.5%
4Minneapolis-St. Paul
60.3%
2New Orleans
57.4%
2Kansas City
57.1%
2Baltimore
56.2%
2Cincinnati
55.1%
2Charlotte
51.4%
2Indianapolis
50.8%
2Milwaukee
50.5%
2Nashville
47.4%
2Buffalo
46.1%
2Las Vegas
40.2%
2Anaheim
23.6%

You're not logged in!

Compare scores with friends on all Sporcle quizzes.
OR
Log In

Sporcle TV

Today on Sporcle TV


Watch our educational content, quiz creation guides, and fun videos on Sporcle TV.

Show Comments

Extras

Top Quizzes Today


Score Distribution

Paid Content

Your Account Isn't Verified!

In order to create a playlist on Sporcle, you need to verify the email address you used during registration. Go to your Sporcle Settings to finish the process.

Report this User

Report this user for behavior that violates our Community Guidelines.

Details: